Petrology: (Record no. 757611)

MARC details
000 -LEADER
fixed length control field 00322 a2200121 4500
020 ## - INTERNATIONAL STANDARD BOOK NUMBER
ISBN 9788123910321
084 ## - OTHER CLASSIFICATION NUMBER
Source of Number CC
Classification number H2 M7
100 ## - MAIN ENTRY--AUTHOR NAME
Personal name EHLERS, Ernest G
245 ## - TITLE STATEMENT
Title Petrology:
Sub Title igneous, sedimentary and metamorphic
260 ## - PUBLICATION, DISTRIBUTION, ETC. (IMPRINT)
Name of publisher CBS publishers, New Delhi,
Year of publication 1999
942 ## - ADDED ENTRY ELEMENTS (KOHA)
Koha item type Book
Source of classification or shelving scheme Colon Classification
Holdings
Withdrawn status Lost status Source of classification or shelving scheme Damaged status Not for loan Home Library Current Location Shelving location Date acquired Source of acquisition Cost, normal purchase price Full call number Accession Number Cost, replacement price Price effective from Koha item type
    Colon Classification     Kerala University Library Kerala University Library General Stacks 18/03/2026 13 446.25 H2 M7 326950 595.00 18/03/2026 General